Arquitectura para el deporte /

Presentación de 22 proyectos que dan cuenta de una gran diversidad de propuestas en el campo de la arquitectura deportiva. Incluye grandes desarrollos y también instalaciones más modestas, por igual de carácter público y privado, ubicados tanto en la ciudad como en zonas rurales, y lo mismo cubierto...

Celý popis

Uloženo v:
Podrobná bibliografie
Hlavní autor: Broto, Carles (autor)
Další autoři: Mostaedi, Arian (ed.) (ed.)
Médium: Kniha
Jazyk:španělština
Vydáno: Barcelona, España : Links, 2005, c2005
Edice:(Architectural Design Links)
Témata:
Tagy: Přidat tag
Žádné tagy, Buďte první, kdo vytvoří štítek k tomuto záznamu!

MARC

LEADER 00000nam^a2200000^a^4500
001 000298503
005 20250521000000.0
009 20260310112410.062
020 |a 84-934007-8-5 
037 |a Acervo ITESO - Biblioteca 
041 |a ESP 
082 |a 725. 8043  |b BRO 
100 |a Broto, Carles  |e (autor) 
245 1 0 |a Arquitectura para el deporte /  |c C. Broto ; ed. de A. Mostaedi. 
264 4 |a Barcelona, España :  |b Links,  |c 2005, c2005 
300 |a 239 p. 
336 |a texto  |b txt  |2 rdacontenido 
337 |a sin mediación  |b n  |2 rdamedio 
338 |a volumen  |b nc  |2 rdasoporte 
440 1 |a (Architectural Design Links) 
520 |a Presentación de 22 proyectos que dan cuenta de una gran diversidad de propuestas en el campo de la arquitectura deportiva. Incluye grandes desarrollos y también instalaciones más modestas, por igual de carácter público y privado, ubicados tanto en la ciudad como en zonas rurales, y lo mismo cubiertos que al aire libre. Comprende pabellones y centros multidisciplinarios, así como instalaciones especializadas para el atletismo, la equitación, el esquí alpino, el futbol, el golf y la natación. Las edificaciones seleccionadas están ubicadas en España (6 casos), Alemania (5), Francia (5), Austria (3), Letonia (1), Suiza (1) y, fuera de la geografía de Europa Occidental, Japón (1). 
649 |a XX 
650 |a Deportes 
650 |a Arquitectura Deportiva -  |z Europa -  |x Historia y Crítica 
650 |a Arquitectura Deportiva -  |x Historia y Crítica -  |x Tema Principal 
650 |a Arquitectura Deportiva -  |y 2000-2009 
650 |a Arquitectura Deportiva -  |y Siglo XXI 
650 |a Arquitectura (Tendencias Recientes) -  |z Europa -  |x Historia y Crítica 
650 |a Arquitectura (Tendencias Recientes) -  |x Historia y Crítica 
650 |a Arquitectura Europea -  |x Historia y Crítica 
650 |a Arquitectura Europea -  |y Siglo XXI 
650 |a Arquitectura -  |x Historia y Crítica 
650 |a Arquitectura -  |y Siglo XXI 
650 |a Arte (Tendencias Recientes) -  |z Europa -  |x Historia y Crítica 
650 |a Arte (Tendencias Recientes) -  |x Historia y Crítica 
650 |a Arte Europeo -  |x Historia y Crítica 
650 |a Arte -  |x Historia y Crítica 
650 |a Arte -  |y Siglo XXI 
700 |a Mostaedi, Arian  |e (ed.) 
910 |a Fondo General 
920 |a Impresos - Libros 
930 |a Reserva Especial 
905 |a 103 
901 |a 0500184193  |b IT1  |c REE  |i C123419  |u 20250521 
902 |a https://opac.biblio.iteso.mx/vufind/Record/000298503